000 00717nam a2200229Ia 4500
999 _c40526
_d40526
001 7137
003 GE_BSU
005 20231107110147.0
008 181216s2012||||ge |||||||||||||| ||geo||
020 _a9789941198113
040 _cGE_BSU
041 _ageo
080 _a821.111-32 ო-65
100 _aორუელი, ჯორჯ
_920298
245 _aცხოველების ფერმა :
_bრომანი /
_cჯორჯ ორუელი.
264 _aთბილისი :
_bპალიტრა L,
_c2012.
300 _a112 გვ. ;
_c20 სმ.
541 _h8 ლ.
653 _aრომანი
653 _aცხოველების ფერმა
942 _cBK
_2udc